| 000 | 00520nam a2200205Ia 4500 | ||
|---|---|---|---|
| 005 | 20140403132634.0 | ||
| 008 | 140130s9999 xx 000 0 und d | ||
| 020 | _a9780152048501 | ||
| 050 |
_aPZ 7 _b.C8682Cl 1999 |
||
| 100 |
_aCrews, Donald. _928806 |
||
| 245 |
_cDonald Crews. _aCloudy day sunny day / |
||
| 260 |
_bScholastic Inc, _cc1999. _aUSA : |
||
| 300 |
_a20 p. : _bill. col. ; _c18 cm. |
||
| 440 |
_v1 _930984 |
||
| 521 | _aBR | ||
| 526 | _cBR | ||
| 942 |
_cBK _2lcc |
||
| 999 |
_c41473 _d41473 |
||